MAGNETIC RESONANCE NEUROGRAPHY (Record no. 14573)

MARC details
000 -LEADER
fixed length control field 00266nam a22001217a 4500
003 - CONTROL NUMBER IDENTIFIER
control field SGT
082 ## - DEWEY DECIMAL CLASSIFICATION NUMBER
Classification number 616.0757
Item number M12C
100 ## - MAIN ENTRY--PERSONAL NAME
Personal name CHHABRA, AVNEESH
245 ## - TITLE STATEMENT
Title MAGNETIC RESONANCE NEUROGRAPHY
260 ## - PUBLICATION, DISTRIBUTION, ETC. (IMPRINT)
Place of publication, distribution, etc INDIA
Name of publisher, distributor, etc JAYPEE
Year of Publication 2012
300 ## - PAGE DESCRIPTION
No. of Pages 200
942 ## - ADDED ENTRY ELEMENTS (KOHA)
Source of classification or shelving scheme Dewey Decimal Classification
Koha item type Books
Holdings
Withdrawn status Lost status Source of classification or shelving scheme Damaged status Not for loan Collection code Home library Current library Shelving location Date acquired Vendor Name SGTU Total Checkouts Full call number Accession No. (Barcode) Date last seen Bill Date Koha item type
    Dewey Decimal Classification     MEDICAL SGT Medical Library SGT Medical Library Reference Book 17/01/2018 ABC SGTU   616.0757 M12C FM9384 17/01/2018 17/01/2018 Books